Normal view
MARC view
- AZEEM,DR MOHSIN SHEIKH
Entry Personal Name
001 - CONTROL NUMBER
- control field: 71419
003 - CONTROL NUMBER IDENTIFIER
- control field: NUST
005 - DATE AND TIME OF LATEST TRANSACTION
- control field: 20210628204631.0
008 - FIXED-LENGTH DATA ELEMENTS
- fixed length control field: 210628|| aca||aabn | a|a d
040 ## - CATALOGING SOURCE
- Original cataloging agency: NUST
- Transcribing agency: NUST
100 ## - HEADING--PERSONAL NAME
- Personal name: AZEEM,DR MOHSIN SHEIKH
670 ## - SOURCE DATA FOUND
- Source citation: Work cat.: (NUST): AZEEM,DR MOHSIN SHEIKH, PR-SOF-1311-CARDIOINTEL ORGANIZATION AND PREDICTIVE ANALYTICS OVER BIOMENDICAL DATA WITH ARMED FROCES INSTITUTE OF CARDIOLOGY AFIC, 2013
